Score 0/54 Timer 05:00
0 Plays Today
Clue Answer % Correct
Voluntarily leave a jobQUIT
95.7%
Sunny ____ up•SIDE•
91.1%
Use the car hornHONK
90.9%
Communicate verbally•TALK•
90.9%
The ____ RangerLONE
90.7%
'____-a-bye Baby'•ROCK•
90.4%
Department store eventSALE
90.2%
Pursue preyHUNT
90.1%
Little Bo ____•PEEP•
89.9%
Alarm clock noiseBEEP
89.6%
What a heart signifiesLOVE
89.4%
Sporcle specialty•QUIZ•
89.4%
UrinatesPEES
89.4%
Disney target audience•KIDS•
89.3%
The first 'N' of CNN•NEWS•
88.1%
Church benchesPEWS
87.3%
HeartthrobHUNK
86.9%
Two sides of the ____ coinSAME
85.8%
Bona ____ (in good faith)FIDE
85.7%
French 'eight'HUIT
85.6%
Bulletin board fastenerTACK
85.2%
Lion warningROAR
84.1%
Salad vegetableBEET
84.1%
Another name for crib deathSIDS
83.9%
Triangle in a pool hallRACK
83.9%
Polio vaccine developerSALK
83.3%
Online 'room'•CHAT•
83.2%
Clue Answer % Correct
Like a four-hour movieLONG
81.5%
Pawn offHOCK
81.1%
Fly highSOAR
80.8%
Baserunner's destination•HOME•
80%
Departure point in an airportGATE
79.3%
Tree anchorROOT
79%
Cinq or fünfFIVE
78.8%
Happening right now•LIVE•
78.7%
Sporcle specialty•GAME•
78.2%
Brand of sneakersKEDS
78.1%
Black stuff on Santa's suitSOOT
78%
Policeman's assigned routeBEAT
78%
Actor Beatty and TV neighbor FlandersNEDS
77.5%
Improve, as a skillHONE
77%
Burn the surface ofCHAR
76.8%
____-Pei (dog breed)SHAR
74.4%
Layer of paintCOAT
72.2%
1st word of a Margaret Mitchell novel titleGONE
72%
Percussion instrument with a mallet•GONG•
71.9%
Schooner e.g.•BOAT•
69.9%
Immunization e.g.SHOT
66.9%
CrippledLAME
63.7%
Deceased•LATE•
61.1%
Thoroughfare•ROAD•
58.5%
Capital of TogoLOMÉ
58.3%
CrucifixROOD
52.4%
Word that can follow all of the marked cluesSHOW
47.2%
Come Together.
Have Fun.
All Virtual.
We all need to come together. Play Sporcle's virtual live trivia to have fun, connect with people, and get your trivia on. Join a live hosted trivia game for your favorite pub trivia experience done virtually. If a virtual private party is more your thing, go here for details.

You're not logged in!

Compare scores with friends on all Sporcle quizzes.
OR
Log In

Sporcle TV

Today on Sporcle TV


Watch our educational content, quiz creation guides, and fun videos on Sporcle TV.

Show Comments

Extras

Top Quizzes Today


Score Distribution

Paid Content

Your Account Isn't Verified!

In order to create a playlist on Sporcle, you need to verify the email address you used during registration. Go to your Sporcle Settings to finish the process.

Report this User

Report this user for behavior that violates our Community Guidelines.

Details: